State Cement Corporation Pakistan Limited (Record no. 351101)

000 -LEADER
fixed length control field 00461nam a22001697a 4500
003 - CONTROL NUMBER IDENTIFIER
control field OSt
005 - DATE AND TIME OF LATEST TRANSACTION
control field 20180116183033.0
008 - FIXED-LENGTH DATA ELEMENTS--GENERAL INFORMATION
fixed length control field 160120b xxu||||| |||| 00| 0 eng d
040 ## - CATALOGING SOURCE
Transcribing agency LUMS Lahore
082 ## - DEWEY DECIMAL CLASSIFICATION NUMBER
Classification number 174.4 LUM 1990
100 ## - MAIN ENTRY--PERSONAL NAME
Personal name Haq T, Azhar W
245 ## - TITLE STATEMENT
Title State Cement Corporation Pakistan Limited
Statement of responsibility, etc. Haq T, Azhar W
260 ## - PUBLICATION, DISTRIBUTION, ETC.
Place of publication, distribution, etc. Lahore
Date of publication, distribution, etc. 1990
300 ## - PHYSICAL DESCRIPTION
Extent 16 p.
Other physical details Papers
440 ## - SERIES STATEMENT/ADDED ENTRY--TITLE
Title STATE CEMENT CORPORATION PAKISTAN LIMITED
942 ## - ADDED ENTRY ELEMENTS (KOHA)
Source of classification or shelving scheme
Koha item type Case Studies
Holdings
Withdrawn status Lost status Source of classification or shelving scheme Damaged status Not for loan Collection code Permanent Location Current Location Shelving location Date acquired Total Checkouts Full call number Barcode Date last seen Date last checked out Price effective from Koha item type
            Central Library (CL) Central Library (CL) Reference 01/20/2016 1 174.4 LUM 1990 NBS9840 04/25/2016 01/20/2016 01/20/2016 Case Studies
© 2023 Central Library, National University of Sciences and Technology. All Rights Reserved.